000 00432nam a2200205Ia 4500
001 000662
003 YMCAF
005 20230512160029.0
008 100717s1971 ||||||||||||||||| ||und|d
024 _a662
035 _a645
040 _aYMCAF
_beng
_cIN-KoLT
041 _aeng
082 _aSPE-216
100 _a2167 ISI
245 0 _aSPECIFICATION FOR BOTTLE COOSTRUC....
260 _c1971
300 _a7
942 _2ddc
_cBK
999 _c533
_d533